000 nam a22 7a 4500
999 _c8804
_d8804
008 180228b ||||| |||| 00| 0 eng d
020 _a9715422888
082 _22001
_aDFil 899.211
_bP53
245 _aThe Monkey and the heron (Maranao)/
_cDamiana Eugenio [Compiler and editor]
260 _aQuezon City:
_bUP Press;
_cc2001.
300 _apages 54-55;
_c23 cm.
500 _aPhilippine folk literature: the folktales
650 0 _926749
_aFolklore
650 0 _926750
_aPhilippine folk literature--Collection
942 _2ddc
_cDFIL